000 02338nam a2200361 i 4500
001 000047548
003 DO-SdBNP
005 20260427110304.0
007 ta
008 090630s2010 dr r 000 0 spa d
020 _a9789945443592
040 _aDO-SdBNP
_bspa
_cBNPHU
_erda
082 4 _a330.97293
_bC744n, 2009
_222
111 _aConcurso Biblioteca Juan Pablo Duarte
_96999
245 1 0 _aNueva literatura económica dominicana :
_bpremios del Concurso de Economía Biblioteca "Juan Pablo Duarte" 2009 /
_cCarlos Manual Gratereaux Hernández ; edición, Elvis Francis Soto, Albertina Méndez
264 1 _aSanto Domingo :
_bBanco Central de la República Dominicana,
_c2010
300 _axvii, 196 páginas ;
_c23 cm.
336 _2rdacontent
_atexto
_btxt
337 _2rdamedia
_asin mediación
_bn
338 _2rdacarrier
_avolumen
_bnc
490 _aBanco Central de la República Dominicana ;
_v158
_aNueva literatura económica dominicana ;
_v13
500 _aIncluye referencias bibliográficas y notas al pie de las páginas
505 0 _aPresentación --
_tIntroducción --
_gPrimera parte --
_tSostenibilidad del déficit en cuenta corriente y vulnerabilidad externa de la economía dominicana //
_rCarlos Manuel Gratereaux --
_gSegunda parte :
_tCorrupción en las aduanas : un problema de acción colectiva. El caso de los países miembro del DR-CAFTA/
_rMarie Claire Vásquez Durán --
_gTercera parte :
_tProtegiendo a los más vulnerables : impacto del régimen subsidiado de salud en la República Dominicana /
_rMaría E. Dávalos, Indhira V. Santos
_gCuarta parte :
_tProbabilidad de cambios en los precios medidos a partir de encuestas cualitativas de opinión empresarial /
_rHarold A. Vásquez Ruiz
590 _aInventariado, 2018/ VM
650 4 _aFinanzas
_xRepública Dominicana
_vCongresos, conferencias, etc.
_975161
650 4 _aPolítica monetaria
_zRepública Dominicana
_vCongresos, conferencias, etc..
_975181
651 4 _aRepública Dominicana
_xCondiciones económicas
_vCongresos, conferencias, etc.
_97000
651 4 _aRepública Dominicana
_zPolítica económica
_vCongresos, conferencias, etc.
_975182
700 1 _aSoto, Elvis Francis,
_975162
710 2 _aBanco Central de la República Dominicana.
_bDepartamento Cultural.
_97006
910 _aValidado. Control de calidad MFF
942 _2ddc
_cLBS1
999 _c47036
_d47036